000 00438nam a2200169Ia 4500
005 20250424120325.0
008 250424s9999 xx 000 0 und d
022 _a00020206
050 _aDT 1 .A2293/
245 4 _aThe african studies review
260 _aAtlanta, Ga.
260 _bAfrican Studies Association.
260 _c2013
300 _aviii, 218p. ; ill. ; 22cm
650 _aAfrican philology--Periodicals.
942 _cSR
999 _c38665
_d38665